000 01198cam a2200313 a 4500
001 15898008
005 20170105102856.0
008 090908s2010 enkab b 001 0 eng
010 _a 2009035634
020 _a9780415778770
020 _a9780203856512 (ebook)
040 _aDLC
_cDLC
_dDLC
043 _aas-----
050 0 _aHV603 2004 .S644
_bT78 2010
082 0 0 _a363.34/948095493
_222
245 0 0 _aTsunami recovery in Sri Lanka :
_bethnic and regional dimensions /
_cedited by Dennis B. McGilvray and Michele R. Gamburd.
260 _aMilton Park, Abingdon, Oxon ;
_aNew York :
_bRoutledge,
_c2010.
300 _axix, 188 p. :
_bill., map ;
_c25 cm.
490 0 _aRoutledge contemporary south Asia series ;
_v27
504 _aIncludes bibliographical references (p. [167]-180) and index.
650 0 _aDisaster relief
_zAsia, Southeast.
650 0 _aTsunamis
_zAsia, Southeast.
650 0 _aIndian Ocean Tsunami, 2004.
700 1 _aMcGilvray, Dennis B.
700 1 _aGamburd, Michele Ruth,
_d1965-
906 _a7
_bcbc
_corignew
_d1
_eecip
_f20
_gy-gencatlg
942 _2ddc
_cBK
999 _c14508
_d14508